000 01672 am a2200445 a 4500
005 20240701133209.0
008 100831s1996||||ag d f |||| 001 0 spa d
020 _aS/N
041 _aspa
092 _c616
_l91
_sVAL
100 1 _aValderrábano, Recaredo R.
_91371
245 _aSíntomas y signos, caminos de diagnóstico /
_cRecaredo R. Valderrabano.
250 _a1a ed.
260 _aSan Miguel de Tucumán [Tucumán ; Argentina]:
_bFacultad de Medicina. Universidad Nacional de Tucumán;
_c1996.
300 _a281 p.
500 _aValderrábano, R. R. (1996). Síntomas y signos, caminos de diagnóstico. (1a ed.). San Miguel de Tucumán (Argentina) : Facultad de Medicina. Universidad Nacional de Tucumán.
653 _aPacientes con cefalea
653 _aPacientes con dolor de pecho
653 _aPacientes con dolor abdominal
653 _aPacientes en estado de coma y otros trastornos de la conciencia
653 _aPerdidas bruscas y transitorias de la conciencia
653 _aAlteraciones de la pigmentación cutanea
653 _aPacientes anémicos
653 _aPacientes con cianosis
653 _aPacientes con ictericia
653 _aPacientes con edemas
653 _aPurpuras: valoración clínica
653 _aPrurito: valoración diagnóstica
653 _aPacientes con adenopatías
653 _aPacientes con esplenomegalia
653 _aPacientes con disnea
653 _aDisfagia
653 _aPacientes con fiebre
653 _aHipertensión arterial (H.T.A.)
653 _aPacientes con soplos
653 _aAlteraciones del peso corporal
930 _a294
930 _a392
942 _2ddc
_cBK
999 _c650
_d650